Terapeutický prístup k pacientovi s hypertenznou krízou

Bibliographic Details
Main Authors: Balažovjech, Ivan, 1936- (Author), Hnilica, Pavol (lekár) (Author)
Format: Article
Language:Slovak
PhysicalDescription:Res. angl., slov., lit. 35 zázn. v angl.
ISSN:0042-773X
Subjects:

MARC

LEADER 00000nab a2200000 a 4500
001 vtls000602239
003 SK-MaSNL
005 20260304085439.0
008 250425c1996 xo 0 slo
015 |a SNBRB19rr/mm-uuuuu 
035 |a CL0602378 
035 |a urn:nbn:sk:snk-abajw6 
035 |a (urnnbn)urn:nbn:sk:snk:ar-a0a16n 
035 |a (uuid)899be04c-cd14-4f7e-8b03-365d15e3da80 
040 |a SNKBUCL  |b slo  |c SNKBUCL  |e AACR2 
041 0 |a slo 
044 |a xo  |c SK 
080 |a 616.12-008.331.1  |2 1981 
100 1 |a Balažovjech, Ivan,  |d 1936-  |4 aut  |9 102856 
245 1 0 |a Terapeutický prístup k pacientovi s hypertenznou krízou  |c Ivan Balažovjech, P. Hnilica ml. 
300 |b Res. angl., slov., lit. 35 zázn. v angl. 
650 0 7 |a hypertenzia  |2 snkbucl  |9 2490 
650 0 7 |a kríza hypertenzná  |2 snkbucl  |9 1251672 
655 7 |a články z novín a časopisov  |2 snkbucl  |9 267496 
700 1 |a Hnilica, Pavol  |c (lekár)  |4 aut  |9 168033 
773 0 |t Vnitřní lékařství  |g Roč. 42, č. 7 (1996), s. 477-480  |x 0042-773X 
850 |a Slovenská národná knižnica 
852 |a Slovenská národná knižnica 
954 |a odborná, vedecká literatúra pôvodná (slovenská)  |2 lita 
958 |a article14 
958 |a NB 
958 |a MI 
958 |a RK 
958 |a OND 
958 |a EUIPO 
999 |c 2808083  |d 2810013